Fungicides in plantation crops and species: present and future (Record no. 59661)

MARC details
000 -LEADER
fixed length control field 00564nam a2200193Ia 4500
100 ## - MAIN ENTRY--AUTHOR NAME
Personal name Mouli B C
245 #0 - TITLE STATEMENT
Title Fungicides in plantation crops and species: present and future
260 ## - PUBLICATION, DISTRIBUTION, ETC. (IMPRINT)
Name of publisher Diseases of Plantations Crops, Spices, Betelvine and Mulberry. Edited by Dasgupta. M K. p.16-21
500 ## - GENERAL NOTE
General note Source Year: 2001
650 ## - SUBJECT ADDED ENTRY--TOPICAL TERM
Topical Term Coffee
650 ## - SUBJECT ADDED ENTRY--TOPICAL TERM
Topical Term Fungicides
650 ## - SUBJECT ADDED ENTRY--TOPICAL TERM
Topical Term Plantation crops
650 ## - SUBJECT ADDED ENTRY--TOPICAL TERM
Topical Term Rubber
650 ## - SUBJECT ADDED ENTRY--TOPICAL TERM
Topical Term Tea
700 ## - ADDED ENTRY--PERSONAL NAME
Personal name Mithayantha M S
856 ## - ELECTRONIC LOCATION AND ACCESS
Uniform Resource Identifier RPP.80(11)
942 ## - ADDED ENTRY ELEMENTS (KOHA)
Koha item type Journals
Holdings
Withdrawn status Lost status Damaged status Not for loan Home library Current library Shelving location Date acquired Koha item type
      Journals RRII Library RRII Library Pathology 18/12/2001 Journals